Rozpoznaj grę wideo po ikonicznym cytacie #2 - Statystyki

Ogólne statystyki
  • Ten quiz został rozwiązany 10 razy
    8 od ostatniego zresetowania
  • Średni wynik to 12 z 50
Statystyki odpowiedzi
Cytat Tytuł gry % Poprawnych
Terrorists win. Counter-Strike: Global Offensive
100%
War… war never changes. Fallout
63%
But our princess is in another castle. Super Mario Bros.
63%
I used to be an adventurer like you until I took an arrow to the knee. The Elder Scrolls V: Skyrim
63%
Press F to Pay Respects. Call of Duty: Advanced Warfare
50%
Glory to Arstotzka! Papers, Please
50%
Hadouken! Street Fighter
50%
Spy's sappin' my Sentry! Team Fortress 2
50%
Nothing is true, everything is permitted. Assassin's Creed
38%
Stand in the ashes of a trillion dead souls and ask the ghosts if honor matters. Their silence is your answer. Mass Effect 3
38%
Finish him! Mortal Kombat
38%
Peace is a lie, there is only passion. Through passion, I gain strength. Through strength, I gain power. Through power, I gain victory. Through victory, my chains are broken. Star Wars: Knights of the Old Republic
38%
Would you kindly… Bioshock
25%
I will kill your dicks! Bulletstorm
25%
What a horrible night to have a curse. Castlevania II: Simon's Quest
25%
I never asked for this. Deus Ex: Human Revolution
25%
Steel wins battles. Gold wins wars. DOTA 2
25%
You can’t break a man the way you break a dog, or a horse. The harder you beat a man, the taller he stands. Far Cry 2
25%
Death can have me when it earns me. God of War: Ragnarok
25%
War is where the young and stupid are tricked by the old and bitter into killing each other. Grand Theft Auto IV
25%
C-C-C-Combo breaker! Killer Instinct
25%
They were all dead. The final gunshot was an exclamation mark to everything that had led to this point. I released my finger from the trigger. And then it was over. Max Payne
25%
Do you think love can bloom even on the battlefield? Metal Gear Solid
25%
I am thou, thou art I… Persona
25%
All right, I've been thinking, when life gives you lemons, don't make lemonade! Make life take the lemons back! Get mad! I don't want your damn lemons! Portal 2
25%
Some trees flourish, others die. Some cattle grow strong, others are taken by wolves. Some men are born rich enough and dumb enough to enjoy their lives. Ain’t nothing fair. Red Dead Redemption
25%
You were almost a Jill sandwich. Resident Evil
25%
Falcon Punch! Super Smash Bros.
25%
Hey! Listen! The Legend of Zelda: Ocarina of Time
25%
You have died of dysentery. The Oregon Trail
25%
Frostmourne hungers! World of Warcraft
25%
Are you a blessing or a curse? Good or evil? Be what you will, you are destiny. Black & White
13%
The sun is a wondrous body. Like a magnificent father. If only I could be so grossly incandescent! Dark Souls
13%
Good men mean well. We just don't always end up doing well. Dead Space 3
13%
Often when we guess each others' motives, we reveal only our own. Destiny
13%
A hero need not speak. When he is gone, the world will speak for him. Halo
13%
A steady blade balances the soul. Overwatch
13%
You made me happy. Silent Hill 2
13%
I've struggled a long time with survivin', but no matter what, you have to find something to fight for. The Last of Us
13%
A famous explorer once said that the extraordinary is in what we do, not who we are. Tomb Raider
13%
I wish I could ask you how much you remember. I don't know if there will be anything left after I consume this drink. Amnesia: The Dark Descent
0%
To bring back loved ones; that's what everyone wants. Chrono Trigger
0%
It's punishment time! Danganronpa: Trigger Happy Havoc
0%
Someday you're bound to lose everything. Everybody around will be gone. Then what are you left with? Nothing. Final Fantasy VIII
0%
Being smart will count for nothing if you don’t make the world better. Horizon: Zero Dawn
0%
My past is not a memory. It’s a force at my back. It pushes and steers. I may not always like where it leads me, but like any story, the past needs resolution. What’s past is prologue. Metroid: The Other M
0%
A winner is you. Pro Wrestling
0%
Perhaps, this is hell. SIGNALIS
0%
I guess… if I had some pants I might've gone outside today… but, nah. Stardew Valley
0%
It took hundreds to kill me but I killed humans by the thousands! Look at me! I am sublime! I am the true face of evil! Suikoden II
0%
Nie znaleziono quizów pasujących do podanych kryteriów
Rozkład punktacji
Procent ludzi z każdym wynikiem
Percentyl według liczby udzielonych odpowiedzi
Twoja historia wyników
Nie rozwiązałeś tego quizu od ostatniego zresetowania